000 00445nam a2200205Ia 4500
001 13399
003 GE_BSU
008 181216s||||||||xx |||||||||||||| ||und||
020 _a0316905135
040 _cGE_BSU
080 _a821.111-32
100 _aHarrison,Sarah.
245 _aBe an Angel.
260 _aLondon.
260 _bLittle,Brown and Company.
260 _c1993
300 _a405p;24cm.
653 _aBe an Angel.
942 _cBK
999 _c46560
_d46560